000 00947nam a22002897a 4500
001 BR9404946
003 BR-BrBNA
005 20230928094254.0
007 ta
008 230509b bl.||||| |||| 00| 0 por d
040 _aBR-BrBNA
_bpor
_cBiblioteca Nacional de Agricultura
041 _a(Por)
072 _aF60
_b0120
090 _ 0120 BR9404946
100 1 _aSiewert, A.C.C.
110 1 _aEscola Superior de Agricultura Luiz de Queiroz, Piracicaba, SP (Brasil)
_0Tese (Mestre em Ciencias)
245 1 _aAvaliacao da acao toxica do aluminio atraves de parametros bioquimicos em plantas de duas populacoes de milho (Zea mays L.)
260 3 _aPiracicaba, SP (Brasil):
_c1994.
300 _a92 p.
500 _a42 graphs; Summaries (Eng, Por); Bibliography p. 60-73 (77 ref.)
650 _aMilho
650 _aPopulacao de Planta
650 _aAluminio
650 _aToxidez
909 _a202309
_bLucia
_c55
_dLucia Elande
942 _cBK
999 _c49773
_d49773